Library Banner

جہد مسلسل (Record no. 81266)

MARC details
000 -LEADER
fixed length control field 00404nam a22001457a 4500
005 - DATE AND TIME OF LATEST TRANSACTION
control field 20160108105433.0
008 - FIXED-LENGTH DATA ELEMENTS--GENERAL INFORMATION
fixed length control field 160108b xxu||||| |||| 00| 0 eng d
040 ## - CATALOGING SOURCE
Transcribing agency PK-LaUMT
082 ## - DEWEY DECIMAL CLASSIFICATION NUMBER
Classification number MMC 954.6092
Item number AMA-J
100 ## - MAIN ENTRY--PERSONAL NAME
Personal name امان اللہ
245 ## - TITLE STATEMENT
Title جہد مسلسل
Statement of responsibility, etc امان اللہ
260 ## - PUBLICATION, DISTRIBUTION, ETC. (IMPRINT)
Place of publication, distribution, etc راولپنڈی
Name of publisher, distributor, etc ایس ایس ایس کمبائنڈ
Date of publication, distribution, etc 1992
300 ## - PHYSICAL DESCRIPTION
Extent 384 ص
942 ## - ADDED ENTRY ELEMENTS (KOHA)
Koha item type Books
Holdings
Withdrawn status Lost status Damaged status Home library Current library Date acquired Full call number Barcode Date last seen Price effective from Koha item type
      UMT Main Campus UMT Main Campus 2016-01-08 MMC 954.6092 AMA-J 95776 2019-08-31 2016-01-08 Books